| 000 | 00338cam a22001217a 4500 | ||
|---|---|---|---|
| 008 | 180718b1962 xxu||||| |||| 00| 0 eng d | ||
| 082 | _aA99 Sa48 | ||
| 100 | _aSampurnanand | ||
| 245 |
_aMemoirs and reflections _cby Sampurnanand |
||
| 260 |
_aBombay _bAsia _c1962 |
||
| 300 | _avii, 188p | ||
| 650 | _aJews -Indiana.Indiana -Ethnic relations. | ||
| 999 |
_c415975 _d415975 |
||